| 000 | 00721nam a2200241 i 4500 | ||
|---|---|---|---|
| 001 | 47458 | ||
| 003 | ES-MaACL | ||
| 005 | 20240229062720.0 | ||
| 007 | t| | ||
| 008 | 030428s2002 sp f |||| | spa j | ||
| 020 | _a84-670-0105-4 | ||
| 080 | _a94(460)"1808/14 | ||
| 100 | 1 |
_aVaca de Osma, José Antonio. _9112360 |
|
| 245 | 1 | 3 |
_aLa Guerra de la Independencia / _cJosé Antonio Vaca de Osma. |
| 260 |
_aMadrid : _bEspasa Calpe, _c[2002] |
||
| 300 |
_a410 p., [16] p. de lám ; _c23 cm. |
||
| 490 | 1 | _aEspasa fórum | |
| 500 | _aÍndice. | ||
| 651 | 4 |
_aEspaña- _xHistoria- _y1808-1814, Guerra de la Independencia _98244 |
|
| 830 | 0 |
_aEspasa fórum _9179708 |
|
| 852 |
_aES-MaACL _jL-26247 |
||
| 999 |
_c47458 _d47458 |
||